LEADER 01049nam a2200253 i 4500 001 000000240581 003 CaOOAMICUS 005 20150402000000.0 008 150402s1967 it u000 u ita u 013 $a219486 040 $aSeMil$bita 100 1 $aStark, Werner.$0(OLS)http://semarc/name/81557 240 14$aThe sociology of knowledge.$0(OLS)http://semarc/title/342138 245 10$aSociologia della conoscenza /$cWerner Stark ; Introduzione di Luciano Gallino. 250 $a2. ed. 260 $aMilano :$bEtas Kompass,$ccopyr. 1967. 300 $aXXXII, 459 p. ;$c25 cm. 490 0 $aScienze politiche e sociali ;$v4 700 1 $aGallino, Luciano,$d<1927-2015>.$0(OLS)http://semarc/name/3492 830 0$aScienze politiche e sociali ;$v4.$0(OLS)http://semarc/title/37305 850 $aSeMil 852 $aSeMil$W1$xVenegono$y1$m3N III 177$j190927$B190927$CSeMilBibl$Z2$F201751 $81 996 $6245$aSociologia della conoscenza$9(OLS)http://semarc/title/342137 996 $6260$aMilano :$bEtas Kompass$9(OLS)http://semarc/publisher/33691 LEADER 01180nam a2200265 i 4500 001 000000132932 003 CaOOAMICUS 005 20041222000000.0 008 041222s1969 it u000 u ita u 013 $a105949 040 $aSeMil$bita 245 12$aI Maccabei :$blibro secondo /$cversione, introduzione, note di Adalberto Sisti. 260 $aRoma :$bPaoline,$ccopyr. 1969. 300 $a312 p. ;$c18 cm. 490 0 $aNuovissima versione della Bibbia dai testi originali ;$v16 500 $aContiene : Bibliografia. - Fondo Card. C.M. Martini. 650 4$aBibbia. Antico Testamento. Maccabei - Commentari, studi, critica, interpretazioni.$0(OLS)http://semarc/subject/4774 700 1 $aSisti, Adalberto,$c.$0(OLS)http://semarc/name/27828 830 0$aNuovissima versione della Bibbia dai testi originali ;$v16.$0(OLS)http://semarc/title/16888 850 $aSeMil 852 $aSeMil$W1$xVenegono$y1$m2V I 176$j86820$B86820$CSeMilBibl$Z2$F91432 $81 941 1 $a4 961 $aOmaggio: Martini Card. Carlo Maria 996 $6245$aI Maccabei :$blibro secondo$9(OLS)http://semarc/title/195099 996 $6260$aRoma :$bPaoline$9(OLS)http://semarc/publisher/29686